Discovery - Daft Punk - Statistics

General Stats
  • This quiz has been taken 33 times
  • The average score is 12 of 15
Answer Stats
Question Tile Select % Correct
Songs containing lyrics One more time Yes
100%
Songs containing lyrics Harder, Better,Faster, Stronger Yes
96%
Songs containing lyrics Something about us Yes
93%
Songs containing lyrics Voyager No
93%
Songs containing lyrics Digital love Yes
89%
Songs containing lyrics Face to Face Yes
89%
Songs containing lyrics Too Long Yes
89%
Songs containing lyrics Veridis Quo No
89%
Songs containing lyrics Night Vision No
85%
Songs containing lyrics Short Circuit No
78%
Songs containing lyrics Veridis Quo No
78%
Songs containing lyrics Aerodynamic No
74%
Songs containing lyrics High Life No
74%
Songs containing lyrics Superheroes No
56%
Songs containing lyrics Crescendolls Yes
33%
No matching quizzes found
Score Distribution
Percent of People with Each Score
Percentile by Number Answered
Your Score History
You have not taken this quiz